000 00474nam a2200169Ia 4500
003 GCL
008 140319s9999 xx 000 0 ara d
040 _aGCL /
_cGCL
082 0 4 _a811.9
_bا م
100 1 _aاسامة عبدالرحمن
245 1 0 _aموج من فوق موج /
_cاسامة عبدالرحمن
260 _a[S.N] :
_bدار الشباب للنشر ،
_c1987
300 _a136 ص
490 _a
650 0 4 _aالشعر العربى
942 _2ddc
_cBK
999 _c32913
_d32913